Matemáticas para niños y jóvenes: actividades fáciles para aprender matemáticas jugando

Saved in:
Bibliografiske detaljer
Hovedforfatter: VanCleave, Janice Pratt (Author)
Format: Bog
Sprog:spansk
Udgivet: Ciudad de México Limusa 1997
Serier:Biblioteca científica para niños y jóvenes
Fag:
Tags: Tilføj Tag
Ingen Tags, Vær først til at tagge denne postø!

MARC

LEADER 00000nam a2200000 a 4500
001 UCH3890
003 CL-VaPUC
008 090818e19970000MX |||||||||||||||||spa|d
020 |a 9681850793 
082 0 4 |a 793.74  |b VAN  |2 21 
100 0 |a VanCleave, Janice Pratt  |e author  |9 539346 
245 1 0 |a Matemáticas para niños y jóvenes: actividades fáciles para aprender matemáticas jugando 
300 |a 262 p 
942 |c BK 
945 |d 20090818 00:00:00  |a ccalabra 
260 |a Ciudad de México  |b Limusa  |c 1997 
650 0 |a Matemática  |9 260235 
650 7 |a EJERCICIOS MATEMATICOS  |2 CL-VaPUC  |9 459962 
650 0 |a Metodologías educativas   |9 311401 
650 0 |a Educación  |9 258661 
650 7 |a MEDIDAS  |2 CL-VaPUC  |9 389924 
650 0 |a Geometría   |9 264063 
583 |a last modification  |c 20090818 00:00:00  |k Rodrigo Vera 
490 0 |a Biblioteca científica para niños y jóvenes 
999 |c 335294  |d 335292